[Event "Santo Domingo U2000 op"]
[Site "Santo Domingo"]
[Date "2017.06.09"]
[Round "5"]
[White "Chaer Garcia, Erick A"]
[Black "Gonzalez Peguero, Mary Loly"]
[Result "1/2-1/2"]
[WhiteElo "1871"]
[BlackElo "1724"]
[PlyCount "60"]
[EventDate "2017.06.02"]
[EventType "swiss"]
[EventRounds "8"]
[EventCountry "DOM"]
[SourceTitle "CBM 178 Extra"]
[Source "ChessBase"]
[SourceDate "2017.06.22"]
[SourceVersion "1"]
[SourceVersionDate "2017.06.22"]
[SourceQuality "1"]

1. d4 e6 2. e4 g6 3. f4 Bg7 4. Nf3 d6 5. Bd3 Nf6 6. h3 b6 7. Be3 Bb7 8. Nbd2 Nc6 9. c3 Qe7 10. Qe2 e5 11. fxe5 dxe5 12. d5 Nb8 13. Bg5 Nbd7 14. Bb5 Rd8 15. g4 h6 16. Bh4 0-0 17. 0-0 g5 18. Bf2 Ne8 19. a4 Nd6 20. Ba6 Ba8 21. b4 Rfe8 22. a5 Nf8 23. axb6 axb6 24. c4 Ng6 25. Ne1 Nf4 26. Qe3 Bb7 27. Nc2 Ra8 28. Bxb7 Nxb7 29. c5 bxc5 30. bxc5 Bf8 1/2-1/2

[Event "Santo Domingo U2000 op"]
[Site "Santo Domingo"]
[Date "2017.06.02"]
[Round "1"]
[White "Ramirez Luzon, Franchesca"]
[Black "Chaer Garcia, Erick A"]
[Result "0-1"]
[WhiteElo "1385"]
[BlackElo "1871"]
[PlyCount "64"]
[EventDate "2017.06.02"]
[EventType "swiss"]
[EventRounds "8"]
[EventCountry "DOM"]
[SourceTitle "CBM 178 Extra"]
[Source "ChessBase"]
[SourceDate "2017.06.22"]
[SourceVersion "1"]
[SourceVersionDate "2017.06.22"]
[SourceQuality "1"]

1. e4 e5 2. Nf3 Nf6 3. Nc3 Nc6 4. Be2 d5 5. d3 d4 6. Nb1 Bb4+ 7. c3 Ba5 8. 0-0 a6 9. Bg5 h6 10. Bh4 Qd6 11. Bg3 0-0 12. Qc2 Re8 13. Nbd2 b5 14. Nb3 Bb6 15. Rfc1 dxc3 16. Qxc3 Bb7 17. Rd1 Rad8 18. d4 Nxe4 19. Qc2 Nxg3 20. hxg3 Nxd4 21. Nbxd4 exd4 22. Rd2 c5 23. Rad1 Ba5 24. Rd3 Be4 25. Rxd4 Bxc2 26. Rxd6 Bxd1 27. Rxd1 Rxe2 28. Rc1 Rxb2 29. Rxc5 Rxa2 30. Rc6 Rd1+ 31. Kh2 Raa1 32. Kh3 Bd8 0-1